[Event "17ème Open International de La Réunion"]
[Site "Saint Denis"]
[Date "2015.10.10"]
[Round "6.8"]
[White "Jotee, Ashvin"]
[Black "Desire, Michael"]
[Result "0-1"]
[WhiteElo "1399"]
[BlackElo "1783"]
[PlyCount "91"]
[EventDate "2015.??.??"]

1. c4 Nf6 2. Nc3 e6 3. g3 d5 4. cxd5 exd5 5. d4 h6 6. Bg2 Be6 7. Qb3 b6 8. Nf3
Be7 9. O-O O-O 10. Ne5 c6 11. Rd1 Qc7 12. Bf4 Bd6 13. Rac1 Qe7 14. Nd3 Nbd7 15.
Bxd6 Qxd6 16. Nf4 g5 17. Nxe6 fxe6 18. Qc2 Kg7 19. e4 Ng4 20. Rf1 h5 21. h3
Nxf2 22. Rxf2 Qxg3 23. Rcf1 g4 24. Rxf8 Rxf8 25. Rxf8 Nxf8 26. Qf2 Qc7 27. hxg4
hxg4 28. e5 Qe7 29. Ne2 Ng6 30. Nf4 Nxf4 31. Qxf4 Qh4 32. Qf2 g3 33. Qf3 Qxd4+
34. Kf1 Qxe5 35. Qc3 Kf6 36. Bh3 Qxc3 37. bxc3 c5 38. Kg2 e5 39. Kxg3 d4 40.
cxd4 exd4 41. Kf3 c4 42. Ke2 Ke5 43. Bc8 Kd5 44. Ba6 Kc5 45. a4 Kb4 46. Bb5 0-1

[Event "17ème Open International de La Réunion"]
[Site "Saint Denis"]
[Date "2015.10.10"]
[Round "6.9"]
[White "Duprey, Francois-Xavier"]
[Black "Schneider, Wolfram"]
[Result "0-1"]
[WhiteElo "1720"]
[BlackElo "1988"]
[PlyCount "32"]
[EventDate "2015.??.??"]

1. c4 Nf6 2. Nf3 g6 3. g3 Bg7 4. Bg2 O-O 5. d3 d5 6. cxd5 Nxd5 7. O-O Nc6 8.
Nbd2 Rb8 9. Rb1 h6 10. a3 e5 11. Qc2 Re8 12. b4 Nd4 13. Nxd4 exd4 14. Bxd5 Qxd5
15. Re1 Bh3 16. Nf3 Qxf3 0-1

[Event "17ème Open International de La Réunion"]
[Site "Saint Denis"]
[Date "2015.10.10"]
[Round "6.10"]
[White "Calmels, Nicolas"]
[Black "Neu, Jeannot"]
[Result "0-1"]
[WhiteElo "1945"]
[BlackElo "1694"]
[PlyCount "70"]
[EventDate "2015.??.??"]

1. e4 c6 2. d4 d5 3. Nc3 dxe4 4. Nxe4 Bf5 5. Ng3 Bg6 6. Nf3 Nd7 7. Bc4 e6 8.
O-O Bd6 9. Re1 Nb6 10. Bb3 Nf6 11. Bg5 O-O 12. Nh4 Bxg3 13. Nxg6 Bxf2+ 14. Kxf2
hxg6 15. Qd3 Ng4+ 16. Kg1 Qxg5 17. h3 Nf6 18. Re5 Qh6 19. Rf1 Rae8 20. g4 Nfd7
21. Ra5 Nc8 22. g5 Qh4 23. Qe3 e5 24. dxe5 c5 25. e6 fxe6 26. Ra4 Rxf1+ 27.
Kxf1 Qh5 28. Bxe6+ Kh8 29. Qe1 Qf3+ 30. Kg1 Nf8 31. Qh4+ Nh7 32. Re4 Nd6 33.
Re1 Qh5 34. Qg4 Qxg5 35. Kf2 Rxe6 0-1

[Event "17ème Open International de La Réunion"]
[Site "Saint Denis"]
[Date "2015.10.10"]
[Round "6.12"]
[White "Horny, Guenter"]
[Black "Strate, Wolfgang"]
[Result "1-0"]
[WhiteElo "1878"]
[BlackElo "1628"]
[PlyCount "63"]
[EventDate "2015.??.??"]

1. e4 d5 2. e5 Bf5 3. d4 e6 4. Nf3 Nd7 5. c4 dxc4 6. Bxc4 Nb6 7. Bb3 Bb4+ 8.
Nc3 Nd5 9. Bxd5 Bxc3+ 10. bxc3 exd5 11. O-O Ne7 12. Nh4 Be6 13. f4 Nf5 14. Nf3
Nh4 15. Nxh4 Qxh4 16. f5 Bd7 17. Ba3 O-O-O 18. Qd2 Qh6 19. Qxh6 gxh6 20. Be7
Rdg8 21. Bf6 Bb5 22. Rf2 Bd3 23. e6 fxe6 24. fxe6 Re8 25. Bxh8 Rxh8 26. Re1 Be4
27. Ref1 Kd8 28. Rf8+ Rxf8 29. Rxf8+ Ke7 30. Rf7+ Kd6 31. e7 Kd7 32. e8=Q+ 1-0

[Event "17ème Open International de La Réunion"]
[Site "Saint Denis"]
[Date "2015.10.10"]
[Round "6.13"]
[White "Rajaobelina, Hery"]
[Black "Sawmynaden, Righen"]
[Result "1-0"]
[WhiteElo "1787"]
[BlackElo "1399"]
[PlyCount "120"]
[EventDate "2015.??.??"]

1. Nf3 d5 2. d4 Nf6 3. c4 e6 4. Nc3 Be7 5. Bg5 h6 6. Bh4 O-O 7. e3 Nbd7 8. Bd3
c6 9. O-O b6 10. cxd5 cxd5 11. Rc1 Bb7 12. Qe2 g5 13. Bg3 Ne4 14. Nd2 Nxg3 15.
hxg3 e5 16. Bf5 exd4 17. exd4 Bf6 18. Bb1 Bg7 19. Qd3 Nf6 20. g4 a5 21. f4 Ba6
22. Nb5 Bxb5 23. Qxb5 Nxg4 24. Qd3 f5 25. fxg5 Qxg5 26. Nf3 Qe3+ 27. Qxe3 Nxe3
28. Rfe1 Rae8 29. Rc6 Nc4 30. Rxe8 Rxe8 31. Bxf5 Kf8 32. b3 Ne3 33. Bd3 Rb8 34.
Ne5 Re8 35. Nd7+ Ke7 36. Ne5 Rg8 37. Kf2 Bxe5 38. dxe5 Ng4+ 39. Ke2 Nxe5 40.
Rxb6 Rxg2+ 41. Ke3 Rg3+ 42. Kf4 Rxd3 43. Kxe5 h5 44. Rh6 Rh3 45. Rh7+ Kf8 46.
Kxd5 Kg8 47. Ra7 h4 48. Rxa5 Rg3 49. Kc4 Rg4+ 50. Kd3 h3 51. Rh5 Rg3+ 52. Ke4
Rg2 53. Rxh3 Rxa2 54. Re3 Rb2 55. Kd5 Kf7 56. Kc5 Rc2+ 57. Kb5 Rc8 58. Kb6 Rb8+
59. Kc7 Rb4 60. Kc6 Rc4+ 1-0

[Event "17ème Open International de La Réunion"]
[Site "Saint Denis"]
[Date "2015.10.10"]
[Round "6.14"]
[White "Cochard, Franck-Olivier"]
[Black "Bah, Ismael"]
[Result "0-1"]
[WhiteElo "1646"]
[BlackElo "1754"]
[PlyCount "66"]
[EventDate "2015.??.??"]

1. Nf3 Nf6 2. c4 d5 3. Nc3 e6 4. g3 c6 5. cxd5 exd5 6. Bg2 Bd6 7. d4 O-O 8. Bg5
Be7 9. O-O Bf5 10. Rc1 Re8 11. Qb3 Qb6 12. Qxb6 axb6 13. a3 b5 14. Nh4 Be6 15.
Na2 h6 16. Bxf6 Bxf6 17. Nf3 Nd7 18. Nb4 Nb6 19. e3 g5 20. Ne1 Nc4 21. Ned3 Bg7
22. Rc2 Re7 23. h3 Rae8 24. g4 f5 25. gxf5 Bxf5 26. Rd1 Kh7 27. Rcc1 g4 28. Kh2
Rf7 29. Rf1 Bf8 30. hxg4 Bxg4 31. Bh3 Bd6+ 32. Kg2 Bf3+ 33. Kg1 Rg8+ 0-1

[Event "17ème Open International de La Réunion"]
[Site "Saint Denis"]
[Date "2015.10.10"]
[Round "6.15"]
[White "Triton, Maxime"]
[Black "Genne, Rene"]
[Result "1-0"]
[WhiteElo "1605"]
[BlackElo "1727"]
[PlyCount "37"]
[EventDate "2015.??.??"]

1. e4 c5 2. Nf3 Nc6 3. d4 cxd4 4. Nxd4 d6 5. Nc3 a6 6. Be3 Nf6 7. Be2 e6 8. a3
Be7 9. Qd2 O-O 10. O-O-O Qc7 11. h4 h6 12. g4 Nxd4 13. Bxd4 e5 14. Be3 Bxg4 15.
Rdg1 h5 16. f3 Be6 17. Bh6 Ne8 18. Bxg7 Nxg7 19. Qh6 1-0

[Event "17ème Open International de La Réunion"]
[Site "Saint Denis"]
[Date "2015.10.10"]
[Round "6.16"]
[White "Gaudissard, Dominique"]
[Black "Herrero, Alain"]
[Result "1-0"]
[WhiteElo "1723"]
[BlackElo "1689"]
[PlyCount "66"]
[EventDate "2015.??.??"]

1. e4 c5 2. Nf3 Nc6 3. d4 cxd4 4. Nxd4 g6 5. c4 Nf6 6. Nc3 Nxd4 7. Qxd4 d6 8.
Be2 Bg7 9. O-O O-O 10. Qd3 Be6 11. Rb1 Rc8 12. b3 Nd7 13. Bb2 Nc5 14. Qe3 f5
15. f4 fxe4 16. Nxe4 Bxb2 17. Nxc5 Bf5 18. Nxb7 Qc7 19. Rxb2 Qxb7 20. Bf3 Qb6
21. Qxb6 axb6 22. Re1 Rfe8 23. g4 Bd7 24. Rd2 Kg7 25. h4 Rc5 26. h5 gxh5 27.
gxh5 h6 28. Rg2+ Kh8 29. Rg6 Bf5 30. Rxh6+ Kg7 31. Rxd6 e6 32. Kf2 b5 33. cxb5
Rxb5 1-0

[Event "17ème Open International de La Réunion"]
[Site "Saint Denis"]
[Date "2015.10.10"]
[Round "6.17"]
[White "Melon, Antonin"]
[Black "Andriandaza, Tombo Omar"]
[Result "1/2-1/2"]
[WhiteElo "1520"]
[BlackElo "1721"]
[PlyCount "167"]
[EventDate "2015.??.??"]

1. e4 c6 2. d4 d5 3. e5 Bf5 4. Ne2 e6 5. Ng3 Bg6 6. c3 Nd7 7. Be2 Qb6 8. Nd2 c5
9. Qb3 Qc7 10. O-O Ne7 11. Nf3 Nc6 12. Be3 a6 13. Rac1 b5 14. a3 Na5 15. Qd1 c4
16. Nd2 Nb6 17. Ra1 Na4 18. Qc1 Be7 19. f4 Qd7 20. Bd1 Bd3 21. Rf3 g6 22. Bf2
h5 23. b4 Nc6 24. Ra2 Bf8 25. Kh1 h4 26. Ne2 Ne7 27. Rh3 Nf5 28. g4 Ng7 29.
Rxh4 Rxh4 30. Bxh4 Be7 31. Bf6 Kf8 32. Bxg7+ Kxg7 33. g5 Rh8 34. Kg2 Qd8 35.
Nf3 Be4 36. Ng3 Qg8 37. Nxe4 dxe4 38. Ng1 Qh7 39. h3 Qh4 40. Bxa4 bxa4 41. Qd2
Rh5 42. Qf2 Bxg5 43. Qxh4 Bxh4 44. Re2 g5 45. Rxe4 gxf4 46. Rxf4 Bg5 47. Rg4
Kf8 48. Ne2 Bd2 49. Rg3 Rf5 50. h4 Be1 51. Rf3 Rh5 52. Rh3 Ke7 53. Ng3 Bxg3 54.
Kxg3 Rf5 55. h5 Kf8 56. h6 Kg8 57. h7+ Kh8 58. Kg2 f6 59. Rf3 Rg5+ 60. Rg3 Rf5
61. exf6 Rxf6 62. Rg8+ Kxh7 63. Ra8 e5 64. dxe5 Re6 65. Kf3 Rxe5 66. Rxa6 Rd5
67. Rxa4 Rd3+ 68. Ke4 Rxc3 69. Kd4 Rc1 70. Ra7+ Kg8 71. b5 c3 72. Kd3 c2 73.
Rc7 Rd1+ 74. Kxc2 Rd6 75. Rc6 Rd5 76. b6 Kf7 77. b7 Rb5 78. a4 Rxb7 79. Kc3 Ke7
80. Rc4 Kd6 81. Kd4 Rb1 82. Kc3 Rc1+ 83. Kb4 Rxc4+ 84. Kxc4 1/2-1/2

[Event "17ème Open International de La Réunion"]
[Site "Saint Denis"]
[Date "2015.10.10"]
[Round "6.18"]
[White "Desor, Helmut"]
[Black "Padre, Maxime"]
[Result "1-0"]
[WhiteElo "1767"]
[BlackElo "1200"]
[PlyCount "49"]
[EventDate "2015.??.??"]

1. e4 d5 2. exd5 Nf6 3. d4 Nxd5 4. c4 Nf6 5. Nf3 e6 6. Be2 c5 7. O-O Nc6 8.
dxc5 Bxc5 9. Qxd8+ Nxd8 10. Bg5 Be7 11. Nc3 O-O 12. Rad1 Nc6 13. a3 h6 14. Bc1
b6 15. b4 a6 16. Be3 Rb8 17. Rd2 Bd7 18. Rfd1 Rfd8 19. b5 axb5 20. cxb5 Na7 21.
Bf4 Rb7 22. Ne5 Bxa3 23. Bf3 Rbb8 24. Nxd7 Rbc8 25. Nxf6+ 1-0

[Event "17ème Open International de La Réunion"]
[Site "Saint Denis"]
[Date "2015.10.10"]
[Round "6.19"]
[White "Petry, Joachim"]
[Black "Mablouke, Ulrich"]
[Result "1-0"]
[WhiteElo "1399"]
[BlackElo "1653"]
[PlyCount "73"]
[EventDate "2015.??.??"]

1. e4 e5 2. Bc4 Nf6 3. Nc3 Nc6 4. d3 h6 5. Nf3 d6 6. h3 Na5 7. Bb3 Nxb3 8. axb3
Be7 9. O-O Nh7 10. Be3 g5 11. Nh2 Be6 12. d4 exd4 13. Bxd4 Bf6 14. Be3 Bxc3 15.
bxc3 a6 16. f4 gxf4 17. Bxf4 Ng5 18. Qd4 Rg8 19. Kh1 Qe7 20. e5 d5 21. b4 c6
22. Qe3 Ne4 23. Rf3 h5 24. Rd1 h4 25. Nf1 Qf8 26. Nd2 Qg7 27. Rg1 Bf5 28. c4
Ng3+ 29. Bxg3 hxg3 30. Rxf5 O-O-O 31. Rgf1 Rh8 32. Rg5 Qh6 33. Qxg3 dxc4 34.
Nxc4 Qe6 35. Nd6+ Kb8 36. Nxf7 Rdf8 37. Rf6 1-0

[Event "17ème Open International de La Réunion"]
[Site "Saint Denis"]
[Date "2015.10.10"]
[Round "6.20"]
[White "Mercadal, Theo"]
[Black "Chan-Faye, Yoann"]
[Result "0-1"]
[WhiteElo "1143"]
[BlackElo "1592"]
[PlyCount "120"]
[EventDate "2015.??.??"]

1. c4 e5 2. Nc3 Nf6 3. g3 Nc6 4. Bg2 Bc5 5. e3 O-O 6. Nge2 d6 7. O-O Bg4 8. d3
Rb8 9. b3 Re8 10. Bb2 a6 11. a3 Qd7 12. b4 Ba7 13. Qd2 Bh3 14. d4 Bxg2 15. Kxg2
Qg4 16. h3 Qg5 17. d5 Ne7 18. Qc2 Ng6 19. Kh2 Qh5 20. Kg2 Qg5 21. Kh2 h5 22.
Ne4 Nxe4 23. Qxe4 h4 24. Qg4 Qxg4 25. hxg4 hxg3+ 26. Kxg3 f6 27. Rac1 Red8 28.
Rfd1 Ne7 29. e4 c6 30. Rf1 Ng6 31. Rcd1 Kf7 32. f4 c5 33. fxe5 Nxe5 34. Bxe5
dxe5 35. Nc1 Rbc8 36. bxc5 Bxc5 37. Rd2 Bxa3 38. Rc2 b5 39. Rf3 Bxc1 40. Rxc1
Rxc4 41. Rxc4 bxc4 42. Rc3 Rc8 43. Kf2 Ke7 44. Ke2 Kd6 45. Ra3 Ra8 46. Kd2 Kc5
47. Kc3 Kb5 48. Ra1 a5 49. Ra2 Rh8 50. d6 Rh3+ 51. Kc2 Rh2+ 52. Kb1 Rxa2 53.
Kxa2 Kc6 54. Kb2 Kxd6 55. Kc3 Kc5 56. Kc2 Kd4 57. Kd2 a4 58. Kc2 a3 59. Kb1 c3
60. Ka2 c2 0-1

[Event "17ème Open International de La Réunion"]
[Site "Saint Denis"]
[Date "2015.10.10"]
[Round "6.21"]
[White "Dace, Jean Emeric"]
[Black "Vitry, Patrick"]
[Result "0-1"]
[WhiteElo "1399"]
[BlackElo "1712"]
[PlyCount "104"]
[EventDate "2015.??.??"]

1. g3 d6 2. Bg2 e5 3. c4 f5 4. Qb3 c6 5. d3 Nf6 6. Nf3 Be7 7. O-O Nbd7 8. a4
Nc5 9. Qa2 a5 10. Nc3 O-O 11. d4 e4 12. Ng5 Ne6 13. c5 d5 14. Nh3 Nxd4 15. e3
Ne6 16. b3 Nxc5 17. Qc2 Nd3 18. Kh1 Nxc1 19. Raxc1 Qe8 20. Ne2 h6 21. Nd4 g5
22. Ng1 Ng4 23. h3 Qh5 24. Qd2 Bd6 25. Nge2 Rf7 26. f3 exf3 27. Rxf3 Ne5 28.
Rf2 Bd7 29. Kg1 Qg6 30. Kf1 Raf8 31. Ra1 Bb4 32. Qd1 h5 33. Nc2 Bd6 34. Qd2 Bc7
35. b4 axb4 36. a5 Nc4 37. Qxb4 Bxg3 38. Nxg3 f4 39. exf4 Qd3+ 40. Kg1 Qxg3 41.
Rf3 Qh4 42. Raf1 g4 43. hxg4 hxg4 44. Qc3 gxf3 45. Rxf3 Rxf4 46. Rg3+ Rg4 47.
Rxg4+ Qxg4 48. Ne1 Bf5 49. Qb4 Be4 50. Qc3 Rf7 51. Qd4 Rg7 52. Qf2 Bxg2 0-1

[Event "17ème Open International de La Réunion"]
[Site "Saint Denis"]
[Date "2015.10.10"]
[Round "6.22"]
[White "Goorsahye, Antoine"]
[Black "Evrin, Selvam"]
[Result "1-0"]
[WhiteElo "1741"]
[BlackElo "1220"]
[PlyCount "59"]
[EventDate "2015.??.??"]

1. e4 d5 2. exd5 Nf6 3. d4 Nxd5 4. c4 Nb6 5. Nc3 Bf5 6. Nf3 Nc6 7. Be2 e6 8.
O-O Be7 9. d5 Nb4 10. Nd4 Bg6 11. a3 e5 12. axb4 exd4 13. Qxd4 Bf6 14. Qe3+ Be7
15. c5 Nxd5 16. Nxd5 Qxd5 17. Bf3 Qd7 18. Re1 c6 19. Bd2 Rc8 20. Bc3 Kf8 21.
Bg4 f5 22. Rad1 Qe8 23. Qf4 Qf7 24. Be2 Bf6 25. Bc4 Qc7 26. Rd6 Bxc3 27. bxc3
Qb8 28. Qd4 Bf7 29. Rd7 Bxc4 30. Qxc4 1-0

[Event "17ème Open International de La Réunion"]
[Site "Saint Denis"]
[Date "2015.10.10"]
[Round "6.23"]
[White "Ringayen, Francinel"]
[Black "Romain, Arnaud"]
[Result "0-1"]
[WhiteElo "1320"]
[BlackElo "1575"]
[PlyCount "130"]
[EventDate "2015.??.??"]

1. e4 e5 2. Nf3 Nc6 3. Nc3 Nf6 4. Bb5 d6 5. O-O Bd7 6. d3 Be7 7. Bg5 h6 8. Bxf6
Bxf6 9. Qd2 a6 10. Bxc6 Bxc6 11. Rfe1 O-O 12. Nd5 Bd7 13. h3 c6 14. Nxf6+ Qxf6
15. c3 Bxh3 16. gxh3 Qxf3 17. Qe3 Qxe3 18. Rxe3 f5 19. Rc1 f4 20. Rf3 Rf6 21.
Kh2 g5 22. d4 Re8 23. Rd3 exd4 24. Rxd4 c5 25. Rd5 Re5 26. f3 Rxd5 27. exd5 Kf7
28. Kg1 Rf5 29. Rd1 Re5 30. Kf2 b5 31. b3 Re3 32. Rc1 Kf6 33. c4 Ke5 34. cxb5
axb5 35. Rd1 Rc3 36. Rd2 Rc1 37. Kg2 Ra1 38. Kf2 c4 39. a4 cxb3 40. axb5 Ra2
41. Ke1 Rxd2 42. Kxd2 Kxd5 43. Kc3 Kc5 44. Kxb3 Kxb5 45. Kc3 Kc5 46. Kd3 Kd5
47. Kc3 Ke5 48. Kc4 d5+ 49. Kd3 h5 50. Kc3 d4+ 51. Kd3 Kd5 52. Kc2 Kc4 53. Kd2
d3 54. Kc1 Kc3 55. Kd1 d2 56. Ke2 Kc2 57. Kf2 d1=Q 58. Kg2 Qe2+ 59. Kg1 Qxf3
60. Kh2 Kd2 61. h4 Qg3+ 62. Kh1 Qxh4+ 63. Kg2 g4 64. Kg1 f3 65. Kf1 Qh1+ 0-1

[Event "17ème Open International de La Réunion"]
[Site "Saint Denis"]
[Date "2015.10.10"]
[Round "6.24"]
[White "Sandjivy, Jean Marc"]
[Black "Assie, Joel"]
[Result "1-0"]
[WhiteElo "1320"]
[BlackElo "1450"]
[PlyCount "51"]
[EventDate "2015.??.??"]

1. c4 Nf6 2. Nc3 b6 3. Nf3 Bb7 4. d4 e6 5. Bf4 Be7 6. Nb5 d6 7. c5 Nd5 8. Bg3
a6 9. cxd6 cxd6 10. e4 Nc7 11. Nxc7+ Qxc7 12. Rc1 Qd8 13. Qa4+ b5 14. Qc2 O-O
15. Bd3 Qa5+ 16. Qd2 Qxd2+ 17. Nxd2 Nd7 18. O-O Nf6 19. Rc7 Nh5 20. Rxe7 Nxg3
21. fxg3 Rab8 22. Nf3 h6 23. e5 d5 24. g4 Rfe8 25. Rc7 Kf8 26. g5 1-0

[Event "17ème Open International de La Réunion"]
[Site "Saint Denis"]
[Date "2015.10.10"]
[Round "6.25"]
[White "Sawmynaden, Vicken"]
[Black "Caminade, Hugo"]
[Result "0-1"]
[WhiteElo "1399"]
[BlackElo "1247"]
[PlyCount "64"]
[EventDate "2015.??.??"]

1. d4 d5 2. g3 Nf6 3. Nf3 Nc6 4. Bg2 e6 5. c3 Bd6 6. Be3 Qe7 7. b4 e5 8. dxe5
Nxe5 9. Nd4 Nc4 10. Bg5 Be6 11. O-O h6 12. Bxf6 gxf6 13. Nb5 Nb6 14. Nd4 h5 15.
h4 f5 16. Nxe6 fxe6 17. f4 O-O-O 18. Nd2 Qg7 19. Rf3 e5 20. Nf1 exf4 21. gxf4
Rhg8 22. Ne3 Nc4 23. Qd4 Nxe3 24. Qxg7 Rxg7 25. Rxe3 Rdg8 26. Kh1 Rxg2 27. Rf1
c5 28. a3 d4 29. cxd4 cxd4 30. Ref3 R2g4 31. Rc1+ Kb8 32. Rff1 Rxh4# 0-1

[Event "17ème Open International de La Réunion"]
[Site "Saint Denis"]
[Date "2015.10.10"]
[Round "6.26"]
[White "Caminade, Lionel"]
[Black "Semrau, Christoph"]
[Result "0-1"]
[WhiteElo "1220"]
[BlackElo "1399"]
[PlyCount "108"]
[EventDate "2015.??.??"]

1. d4 d5 2. Nf3 Nf6 3. Bf4 b6 4. Nbd2 Bb7 5. e3 e6 6. Ne5 Be7 7. c4 O-O 8. Bd3
dxc4 9. Bf1 Ne4 10. Nxe4 Bxe4 11. f3 Bb4+ 12. Kf2 Bb7 13. a3 Be7 14. Bxc4 a6
15. Bd3 b5 16. Bc2 Bg5 17. Qd3 g6 18. Qc3 Bxf4 19. exf4 Bd5 20. Rhe1 Qd6 21.
Rad1 Rc8 22. Qb4 Ra7 23. Qxd6 cxd6 24. Be4 Bxe4 25. fxe4 dxe5 26. dxe5 Rac7 27.
Rd2 Rc2 28. Ree2 Rxd2 29. Rxd2 Kg7 30. g4 Nc6 31. Rc2 Ne7 32. Rc3 h6 33. h4 Rc4
34. Rxc4 bxc4 35. Ke3 Nc6 36. Kd2 g5 37. fxg5 hxg5 38. h5 Nxe5 39. Kc3 Nxg4 40.
Kxc4 Nf6 41. b4 g4 42. Kd3 g3 43. e5 Nxh5 44. Ke3 f5 45. exf6+ Kxf6 46. Kf3 e5
47. a4 e4+ 48. Kg2 Ke6 49. b5 axb5 50. a5 e3 51. a6 e2 52. a7 e1=Q 53. a8=Q
Nf4+ 54. Kf3 Qh1+ 0-1

[Event "17ème Open International de La Réunion"]
[Site "Saint Denis"]
[Date "2015.10.10"]
[Round "6.27"]
[White "Etheve, Lionel"]
[Black "Dazin, Nathan"]
[Result "1-0"]
[WhiteElo "1390"]
[BlackElo "1199"]
[PlyCount "91"]
[EventDate "2015.??.??"]

1. e4 e5 2. Nf3 Nc6 3. Bc4 Nf6 4. d3 h6 5. Nc3 Bc5 6. O-O O-O 7. Bd2 d6 8. h3
Be6 9. Bb3 d5 10. exd5 Bxd5 11. Nxd5 Nxd5 12. Bxd5 Qxd5 13. Be3 Bb6 14. a4 e4
15. dxe4 Qxe4 16. Bxb6 axb6 17. Re1 Qb4 18. b3 Rad8 19. Qc1 Nd4 20. Nxd4 Rxd4
21. c3 Qxb3 22. cxd4 Ra8 23. Qxc7 Rxa4 24. Rxa4 Qxa4 25. Qxb6 Qc4 26. Qc5 Qxc5
27. dxc5 Kf8 28. Rb1 Ke7 29. Rxb7+ Ke6 30. c6 Kd6 31. c7 Kd7 32. c8=Q+ Kxc8 33.
Rxf7 Kd8 34. Rxg7 Ke8 35. Rh7 Kf8 36. Rxh6 Kg7 37. Ra6 Kh7 38. f4 Kg7 39. f5
Kf7 40. g4 Kg7 41. f6+ Kf7 42. g5 Kg6 43. Ra7 Kxg5 44. f7 Kh4 45. f8=Q Kxh3 46.
Rg7 1-0

[Event "17ème Open International de La Réunion"]
[Site "Saint Denis"]
[Date "2015.10.10"]
[Round "6.28"]
[White "Leonardy, Baptiste"]
[Black "Sandjivy, Mateo"]
[Result "0-1"]
[WhiteElo "1140"]
[BlackElo "1384"]
[PlyCount "48"]
[EventDate "2015.??.??"]

1. e4 e5 2. Nf3 Nc6 3. Bc4 Bc5 4. d3 h6 5. O-O Nf6 6. h3 a6 7. a3 d6 8. Nc3 Bd7
9. Bd2 Qc8 10. b4 Ba7 11. Re1 g5 12. Nd5 Nxd5 13. exd5 Ne7 14. Nh2 Ng6 15. Ng4
Qd8 16. Be3 h5 17. Nh2 g4 18. g3 Bxe3 19. fxe3 gxh3 20. d4 Qf6 21. Qe2 O-O-O
22. c3 exd4 23. cxd4 Qxd4 24. Nf3 Qxa1 0-1

[Event "17ème Open International de La Réunion"]
[Site "Saint Denis"]
[Date "2015.10.10"]
[Round "6.29"]
[White "Romain, Juliane"]
[Black "Leccia, Thomas"]
[Result "1-0"]
[WhiteElo "1364"]
[BlackElo "1162"]
[PlyCount "27"]
[EventDate "2015.??.??"]

1. e4 e5 2. Nf3 Nc6 3. Bc4 Bc5 4. c3 a6 5. Bb3 b5 6. O-O b4 7. d4 exd4 8. cxd4
Bb6 9. Qd3 Nge7 10. Re1 O-O 11. Bg5 Kh8 12. e5 d6 13. Bc2 dxe5 14. Qxh7# 1-0

[Event "17ème Open International de La Réunion"]
[Site "Saint Denis"]
[Date "2015.10.10"]
[Round "6.31"]
[White "Jouve, Marius"]
[Black "Sandjivy, Vivien"]
[Result "0-1"]
[WhiteElo "1430"]
[BlackElo "1318"]
[PlyCount "151"]
[EventDate "2015.??.??"]

1. e4 e5 2. Nf3 Nc6 3. Bc4 Nf6 4. d3 Bc5 5. Nc3 d6 6. h3 b6 7. a3 Bb7 8. Ne2
Na5 9. b4 Nxc4 10. bxc5 Na5 11. cxd6 cxd6 12. O-O O-O 13. Ng3 Re8 14. Re1 d5
15. Bg5 Qd6 16. Nf5 Qe6 17. Ng3 h6 18. Bd2 Rad8 19. Qc1 dxe4 20. dxe4 Qc4 21.
Bxa5 bxa5 22. Nd2 Qd4 23. Re2 Ba6 24. Nb3 Qc3 25. Re3 Qc7 26. a4 Rc8 27. c3
Red8 28. Qc2 Bc4 29. Rc1 Bxb3 30. Qxb3 Rb8 31. Qa3 Qc4 32. Ree1 Rb3 33. Qe7 Re8
34. Qxa7 Rxc3 35. Rxc3 Qxc3 36. Qe3 Qb4 37. Ra1 Rc8 38. Nf5 Nxe4 39. f3 Nf6 40.
Qxe5 Re8 41. Qg3 g6 42. Nxh6+ Kf8 43. Ng4 Qd4+ 44. Qf2 Qxa1+ 45. Kh2 Nxg4+ 46.
hxg4 Qxa4 47. Qc5+ Kg7 48. Qc3+ f6 49. Qc7+ Kh6 50. Kh3 Rh8 51. f4 Qb3+ 52. g3
Rh7 53. Qd8 Kg7+ 54. Kg2 Qc2+ 55. Kf3 Qc3+ 56. Kg2 Qe3 57. Qd7+ Kh6 58. g5+
fxg5 59. Qh3+ Kg7 60. Qd7+ Kg8 61. Qd8+ Kf7 62. Qd5+ Qe6 63. Qxg5 Qe2+ 64. Kg1
Qh2+ 65. Kf1 Qh1+ 66. Ke2 Rh2+ 67. Ke3 Qe1+ 68. Kd4 Rd2+ 69. Kc5 Qe7+ 70. Qxe7+
Kxe7 71. Kb5 Rg2 72. Kxa5 Rxg3 73. Kb5 Rf3 74. Kc4 Rxf4+ 75. Kd3 g5 76. Ke3 0-1

[Event "17ème Open International de La Réunion"]
[Site "Saint Denis"]
[Date "2015.10.10"]
[Round "6.32"]
[White "Larmet, Nino"]
[Black "Collet, Marine Celine Theres"]
[Result "0-1"]
[WhiteElo "1099"]
[BlackElo "1450"]
[PlyCount "54"]
[EventDate "2015.??.??"]

1. e4 e5 2. Nf3 Nc6 3. Bb5 Bd6 4. Bxc6 dxc6 5. O-O Bg4 6. h3 Bh5 7. Nc3 Qf6 8.
d3 Bxf3 9. Qxf3 Qxf3 10. gxf3 O-O-O 11. Be3 Ne7 12. Bxa7 b6 13. Na4 Kb7 14.
Bxb6 cxb6 15. Rab1 g5 16. b4 Kc7 17. c4 h5 18. Rfc1 g4 19. fxg4 Rdg8 20. f3
hxg4 21. fxg4 f5 22. c5 bxc5 23. bxc5 fxg4 24. hxg4 Rxg4+ 25. Kf1 Rh1+ 26. Ke2
Rh2+ 27. Kd1 Rg1# 0-1

[Event "17ème Open International de La Réunion"]
[Site "Saint Denis"]
[Date "2015.10.10"]
[Round "6.33"]
[White "Laoussing, Mathis"]
[Black "Pun Chung, Leo"]
[Result "0-1"]
[WhiteElo "1270"]
[BlackElo "1199"]
[PlyCount "150"]
[EventDate "2015.??.??"]

1. e4 e6 2. d4 d5 3. e5 c5 4. c3 Nc6 5. Nf3 Qb6 6. Bd3 cxd4 7. Nxd4 Nxd4 8.
cxd4 Bd7 9. Bc2 Rc8 10. O-O Bb5 11. Ba4 Bxa4 12. Qxa4+ Qc6 13. Qxc6+ Rxc6 14.
Nc3 Nh6 15. Nb5 a6 16. Na7 Rc4 17. Be3 Nf5 18. b3 Rc7 19. Rac1 Rd7 20. Bg5 Be7
21. Rc8+ Rd8 22. Rxd8+ Bxd8 23. Bxd8 Kxd8 24. Rc1 Kd7 25. Rd1 Ra8 26. g4 Ne7
27. Rd3 Kc7 28. Rh3 Rh8 29. Rf3 Rf8 30. Rh3 h6 31. g5 hxg5 32. Rg3 f6 33. f4
Kb6 34. fxg5 fxg5 35. Rxg5 g6 36. a4 Kxa7 37. a5 Rg8 38. h4 b6 39. b4 bxa5 40.
bxa5 Rh8 41. Rg4 Kb7 42. Kg2 Kc6 43. Kh3 Kb5 44. Rg2 Kxa5 45. Ra2+ Kb5 46. Rb2+
Kc4 47. Rb7 Rh7 48. Rb6 Kxd4 49. Rxe6 a5 50. Ra6 Kxe5 51. Rxa5 Ke4 52. Ra1 d4
53. Re1+ Kf3 54. Rf1+ Ke2 55. Rf4 d3 56. Re4+ Kf3 57. Rd4 Ke3 58. Rd6 d2 59.
Kg2 Rxh4 60. Re6+ Kd3 61. Rd6+ Kc2 62. Kf2 d1=Q 63. Rxd1 Kxd1 64. Kg3 Ra4 65.
Kf3 Kc2 66. Kg3 Ra8 67. Kf4 g5+ 68. Kxg5 Rf8 69. Kh6 Kd3 70. Kg5 Rf1 71. Kh6
Ke4 72. Kg5 Ke5 73. Kg4 Ke4 74. Kg3 Rf8 75. Kg2 Ke3 0-1

[Event "17ème Open International de La Réunion"]
[Site "Saint Denis"]
[Date "2015.10.10"]
[Round "6.34"]
[White "Poudroux, Mathilde"]
[Black "Hubert, Nathan"]
[Result "1-0"]
[WhiteElo "1199"]
[BlackElo "1020"]
[PlyCount "77"]
[EventDate "2015.??.??"]

1. e4 e5 2. Nf3 Nc6 3. d4 d6 4. d5 Nce7 5. Bb5+ c6 6. Bc4 Nf6 7. Nc3 Bg4 8. O-O
Bh5 9. Be3 Ng4 10. Ng5 f5 11. f4 Nxe3 12. Qxh5+ g6 13. Qe2 Qb6 14. dxc6 Nxc2+
15. Qf2 Ne3 16. Nf7 exf4 17. Nxd6+ Kd8 18. Nf7+ Ke8 19. Nxh8 Nxf1 20. Kxf1 Rd8
21. Nd5 Nxd5 22. exd5 Bg7 23. Re1+ Kf8 24. Qxb6 axb6 25. cxb7 Bxh8 26. Rd1 Bxb2
27. d6 h5 28. Rd2 Bc3 29. Rd3 Be5 30. Bb5 g5 31. Bd7 g4 32. Kf2 h4 33. Rd5 g3+
34. hxg3 fxg3+ 35. Kg1 Bf4 36. Rxf5+ Kg7 37. Rxf4 Rxd7 38. b8=Q Ra7 39. Qxa7+
1-0

[Event "17ème Open International de La Réunion"]
[Site "Saint Denis"]
[Date "2015.10.10"]
[Round "6.35"]
[White "Vincent, Theo"]
[Black "Boyer, Frederick"]
[Result "1-0"]
[WhiteElo "1009"]
[BlackElo "1200"]
[PlyCount "75"]
[EventDate "2015.??.??"]

1. e4 e5 2. Nf3 d6 3. d4 Nc6 4. Bc4 Nxd4 5. Nxd4 Bd7 6. Nf3 h6 7. Nc3 Nf6 8.
Be3 c6 9. O-O b5 10. Bb3 c5 11. a3 Be7 12. Nd5 Nxe4 13. Nxe7 Qxe7 14. Qd5 Rc8
15. Qxe4 c4 16. Ba2 d5 17. Qh4 f6 18. b3 g5 19. Qh5+ Kf8 20. b4 d4 21. Bc1 e4
22. Nxd4 Qe5 23. Rd1 e3 24. Bxe3 Qe4 25. Qf3 Qxf3 26. Nxf3 Bf5 27. Nd4 Kg7 28.
Nxf5+ Kg6 29. Ne7+ Kg7 30. Nxc8 Rxc8 31. Rd7+ Kg6 32. Rxa7 Re8 33. Bb1 Rd8 34.
c3+ Kh5 35. f3 Rd1+ 36. Kf2 Kh4 37. g3+ Kh3 38. Bf5+ 1-0